| 000 | 01131nam a2200313 i 4500 | ||
|---|---|---|---|
| 003 | DO-SdBNP | ||
| 005 | 20260521082737.0 | ||
| 007 | ta | ||
| 008 | 260518b2025 pr ||||| |||| 00| 0 spa d | ||
| 020 | _a9789945524062 | ||
| 040 |
_aDO-SdBNP _bspa _cBNPHU _erda |
||
| 041 | _aspa | ||
| 082 | 4 |
_axxx _bR758a _222 |
|
| 100 | 1 |
_aRomán González, Edgar A., _eautor _4aut. _989649 |
|
| 245 | 1 | 3 |
_aEl alto precio del ministerio : _b¡ el perdón !/ _cEdgar Román ; corrección, Yesenia Avila ; colaboración, Alexis Angulo ; prólogo, Nelson Chaves |
| 250 | _aprimera edición | ||
| 264 | 4 |
_aPuerto Rico : _bPublicaciones Gente de Valores, _c©2025. |
|
| 300 |
_a119 páginas ; _c22 cm. |
||
| 336 |
_atexto _btxt _2rdacontent |
||
| 337 |
_asin mediación _bn _2rdamedia |
||
| 338 |
_avolumen _bnc _2rdacarrier |
||
| 500 | _aIncluye datos biográficos del autor en la contracubierta | ||
| 590 | _aInventariado, 2026/BT | ||
| 700 | 1 |
_aAvila, Yesenia, _ecorrector _4corr. _989042 |
|
| 700 | 1 |
_aAngulo, Alexis, _ecolaborador _4col. _978155 |
|
| 700 | 1 |
_aChaves, Nelson, _eprologuista _4pr. _989650 |
|
| 910 | _aBtavárez | ||
| 942 |
_2ddc _cLBS1 |
||
| 999 |
_c60776 _d60776 |
||